|
|
|
|
| LEADER |
00000cam a2200000 i 4500 |
| 001 |
1/92771 |
| 008 |
080829s1953 gre d |
| 035 |
|
|
|l 10099752
|
| 040 |
|
|
|a GR-MY-UA
|b gre
|e aacr
|
| 041 |
0 |
|
|a gre
|
| 082 |
0 |
|
|a 889.09
|2 (22)
|
| 100 |
1 |
|
|a Δεντρινού, Ειρήνη Α.,
|d 1879-1974.
|
| 245 |
1 |
2 |
|a Η Κερκυραϊκή σχολή /
|c Ειρήνης Α. Δεντρινού ; προλεγόμενα Κ. Δαφνή
|
| 260 |
|
|
|a Κέρκυρα :
|b [χ.ό.],
|c 1953
|
| 300 |
|
|
|a 114 σ.;
|c 22 εκ.
|
| 500 |
|
|
|a Περιέχονται: Σολωμός, Μαρκοράς, Κογεβίνας, Μαβίλης, Καλοσγούρος, Χρυσομάλλης, Θεοτόκης
|
| 650 |
0 |
0 |
|a Greek literature
|x History and criticism.
|
| 650 |
0 |
0 |
|a Greek literature
|z Greece
|z Corfu Island
|x History and criticism.
|
| 700 |
1 |
|
|a Δαφνής, Κώστας.
|4 aui
|
| 852 |
|
|
|a INST
|b RHODES
|c AKA
|e 20080829
|h 889.09 ΔΕΝ
|p 005400027462
|q 005400027462
|t BK
|y 0
|
| 901 |
|
|
|a BIBL4-2008-2
|
| 909 |
|
|
|a Ρ
|b 152797
|
| 970 |
|
|
|a ΧΑΡΙΟΠΟΛΙΤΟΥ
|b ΚΩΝΣΤΑΝΤΙΝΑ
|z 2008/08/29
|